000 00316nam a22000977a 4500
999 _c11141
_d11141
008 180922b ||||| |||| 00| 0 eng d
020 _a9788126040674
100 _aSubramaniam, Arundhathi
_96905
245 _aAnother Country
_bAn Anthology of post-Independence Indian poetry in English
260 _aMumbai
_bSahitya Akademy